| 000 | 00490nam a2200169 a 4500 | ||
|---|---|---|---|
| 001 | 0298 | ||
| 005 | 20140414131942.0 | ||
| 008 | 040909s19uu xx 00 eng d | ||
| 020 | _a1-86504-135-1 | ||
| 050 |
_aTR 372.5 _bFl59 1999 |
||
| 245 |
_aFlying with Lucky / _cillustrated by Sharon Thompson. |
||
| 260 |
_aAustralia : _bScholastic Australia, _c1999. |
||
| 300 | _a32 p. : ill. ; cm. | ||
| 650 |
_aCreative activities _xJuvenile literature. |
||
| 999 |
_c112611 _d112611 |
||